Pixar Inside Out 2 Emotions - Statistics

General Stats
  • This quiz has been taken 19,919 times
  • The average score is 8 of 10
Answer Stats
Colour First appearance Answer % Correct
Red Inside Out Anger
97%
Dark blue Inside Out Sadness
95%
Yellow Inside Out Joy
94%
Purple Inside Out Fear
85%
Orange Inside Out 2 Anxiety
84%
Green Inside Out Disgust
83%
Light blue Inside Out 2 Envy
68%
Purple Inside Out 2 Ennui
59%
Pink Inside Out 2 Embarrassment
57%
Grey Inside Out 2 Nostalgia
45%
No matching quizzes found
Score Distribution
Percent of People with Each Score
Percentile by Number Answered
Your Score History
You have not taken this quiz